[Event "Arvier Grand Paradis op"]
[Site "Arvier"]
[Date "2014.07.25"]
[Round "7"]
[White "Baloire, Endy"]
[Black "Bellia, Mario"]
[Result "1-0"]
[WhiteElo "1985"]
[BlackElo "1481"]
[PlyCount "51"]
[EventDate "2014.07.19"]
[EventType "swiss"]
[EventRounds "8"]
[EventCountry "ITA"]
[SourceTitle "EXT 2016"]
[Source "ChessBase"]
[SourceDate "2015.10.08"]
[SourceVersion "1"]
[SourceVersionDate "2015.10.08"]
[SourceQuality "1"]

1. d4 d5 2. c4 e6 3. Nf3 Nf6 4. e3 Nbd7 5. Bd3 c6 6. 0-0 Qc7 7. b3 Be7 8. Bb2 a6 9. Nbd2 b6 10. Ne5 Bb7 11. f4 c5 12. Rc1 Rc8 13. Ndf3 Nxe5 14. Nxe5 0-0 15. f5 dxc4 16. bxc4 Ne4 17. fxe6 fxe6 18. Qg4 Ng5 19. h4 Rxf1+ 20. Rxf1 h5 21. Qxh5 Be4 22. Bxe4 Nxe4 23. Qf7+ Kh8 24. Ng6+ Kh7 25. Nxe7 Nd6 26. Qh5# 1-0

[Event "Arvier Amatori op 4th"]
[Site "Arvier"]
[Date "2014.01.03"]
[Round "2"]
[White "Baloire, Endy"]
[Black "Paleologu, Vladimir"]
[Result "0-1"]
[WhiteElo "1961"]
[BlackElo "2175"]
[PlyCount "84"]
[EventDate "2014.01.02"]
[EventType "swiss"]
[EventRounds "5"]
[EventCountry "ITA"]
[SourceTitle "EXT 2015"]
[Source "ChessBase"]
[SourceDate "2014.11.20"]
[SourceVersion "1"]
[SourceVersionDate "2014.11.20"]
[SourceQuality "1"]

1. d4 d6 2. Bf4 g6 3. e3 Bg7 4. Nf3 Nd7 5. h3 e5 6. Bh2 e4 7. Nfd2 f5 8. c4 Ne7 9. Nc3 0-0 10. Be2 Nf6 11. 0-0 c6 12. b4 Kh8 13. Rb1 g5 14. a4 d5 15. b5 Ng6 16. bxc6 bxc6 17. cxd5 cxd5 18. f4 gxf4 19. Bxf4 Nxf4 20. exf4 Ng4 21. Qb3 Bxd4+ 22. Kh1 Nf2+ 23. Kh2 Be6 24. Nb5 Rb8 25. Nxd4 Rxb3 26. N2xb3 Bd7 27. Rxf2 Bxa4 28. Nc5 Qe8 29. Ra1 Bd7 30. Rxa7 Bc8 31. Bb5 Qg6 32. Ra8 Rg8 33. Rfa2 Qg3+ 34. Kh1 Qxf4 35. Bd7 Qc1+ 36. Kh2 Qxc5 37. Bxc8 Qxd4 38. Bb7 Rxa8 39. Rxa8+ Kg7 40. Rd8 Qe5+ 41. Kg1 Qa1+ 42. Kf2 Qb2+ 0-1

[Event "ITA-chT A1.1"]
[Site "Arvier"]
[Date "2013.03.15"]
[Round "1"]
[White "Van Hoolandt, Patrick"]
[Black "Baloire, Endy"]
[Result "1-0"]
[WhiteElo "2191"]
[BlackElo "1964"]
[PlyCount "73"]
[EventDate "2013.03.15"]
[EventType "team"]
[EventRounds "5"]
[EventCountry "ITA"]
[SourceTitle "EXT 2014"]
[Source "ChessBase"]
[SourceDate "2013.11.20"]
[SourceVersion "1"]
[SourceVersionDate "2013.11.20"]
[SourceQuality "1"]

1. d4 d5 2. c4 e6 3. Nc3 Nf6 4. cxd5 exd5 5. Bg5 Nbd7 6. Qc2 c6 7. e3 Be7 8. Bd3 0-0 9. Nge2 Re8 10. 0-0 g6 11. f3 Nh5 12. Bxe7 Qxe7 13. e4 Nb6 14. Rae1 dxe4 15. fxe4 c5 16. Nb5 a6 17. Qxc5 Qxc5 18. dxc5 axb5 19. cxb6 Bd7 20. a3 Ra6 21. g4 Ng7 22. Nc3 Ne6 23. Nd5 Kg7 24. Nf6 Nc5 25. Nxe8+ Bxe8 26. Bb1 Rxb6 27. Rc1 Ne6 28. Ba2 Bd7 29. Rcd1 Bc8 30. e5 b4 31. Rd6 Rb5 32. Rc1 b3 33. Bxb3 Rxb3 34. Rxc8 Rxb2 35. Rc3 Rb5 36. Rd7 Nf4 37. Rcc7 1-0

[Event "Arvier Amatori op 2nd"]
[Site "Arvier"]
[Date "2012.01.04"]
[Round "3"]
[White "Serrajotto, Marino"]
[Black "Baloire, Endy"]
[Result "1/2-1/2"]
[WhiteElo "1854"]
[BlackElo "1990"]
[PlyCount "43"]
[EventDate "2012.01.02"]
[EventType "swiss"]
[EventRounds "7"]
[EventCountry "ITA"]
[SourceTitle "EXT 2014"]
[Source "ChessBase"]
[SourceDate "2013.11.20"]
[SourceVersion "1"]
[SourceVersionDate "2013.11.20"]
[SourceQuality "1"]

1. e4 c6 2. d4 d5 3. Nc3 dxe4 4. Nxe4 Nd7 5. Bc4 Ngf6 6. Ng5 e6 7. Qe2 Nb6 8. Be3 Nxc4 9. Qxc4 h6 10. N5f3 Bd6 11. Ne2 Qc7 12. h3 0-0 13. 0-0 b6 14. Ne5 Bxe5 15. dxe5 Qxe5 16. Qxc6 Ba6 17. Rfe1 Rac8 18. Qa4 Bxe2 19. Rxe2 Nd5 20. Qb5 a6 21. Qb3 Nxe3 22. Rxe3 1/2-1/2

[Event "Arvier Amatori op 1st"]
[Site "Arvier"]
[Date "2011.01.09"]
[Round "7"]
[White "Baloire, Endy"]
[Black "Raineri, Valerio"]
[Result "1-0"]
[WhiteElo "1962"]
[BlackElo "2146"]
[PlyCount "107"]
[EventDate "2011.01.03"]
[EventType "swiss"]
[EventRounds "7"]
[EventCountry "ITA"]
[SourceTitle "EXT 2012"]
[Source "ChessBase"]
[SourceDate "2011.11.24"]
[SourceVersion "1"]
[SourceVersionDate "2011.11.24"]
[SourceQuality "1"]

1. d4 Nf6 2. Bf4 g6 3. e3 Bg7 4. Nf3 d6 5. h3 Nbd7 6. Be2 c6 7. 0-0 0-0 8. c3 Qe8 9. a4 e5 10. Bh2 Qe7 11. Na3 Ne8 12. a5 f5 13. a6 b6 14. Re1 e4 15. Nd2 Ndf6 16. Qb3+ Be6 17. c4 Nc7 18. Qa4 Bd7 19. Qb4 c5 20. dxc5 dxc5 21. Qb3 Be6 22. Nb5 Nxb5 23. Qxb5 Rad8 24. Rad1 Rd7 25. Nb1 Rfd8 26. Qb3 Rxd1 27. Rxd1 Rxd1+ 28. Qxd1 Nd7 29. Na3 Be5 30. Bxe5 Nxe5 31. b3 Nc6 32. Nb5 Qd7 33. Qxd7 Bxd7 34. f3 Bc8 35. Nc7 Kf8 36. fxe4 fxe4 37. Kf2 Ke7 38. Kg3 Kd8 39. Nd5 Bxa6 40. Kf4 Bb7 41. Kxe4 Ne7 42. Ke5 Nf5 43. e4 Nd4 44. Bd1 Bxd5 45. cxd5 Kd7 46. b4 Nb5 47. Ba4 a6 48. bxc5 bxc5 49. d6 c4 50. Kd5 c3 51. e5 Kd8 52. e6 h6 53. Bc2 Na7 54. e7+ 1-0

[Event "EU-ch U18 19th"]
[Site "Fermo"]
[Date "2009.09.01"]
[Round "2"]
[White "Baloire, Endy"]
[Black "Biryukov, Mikhail"]
[Result "0-1"]
[WhiteElo "1895"]
[BlackElo "2187"]
[PlyCount "154"]
[EventDate "2009.08.31"]
[EventType "swiss"]
[EventRounds "9"]
[EventCountry "ITA"]
[SourceTitle "CBM 132 Extra"]
[Source "ChessBase"]
[SourceDate "2009.11.03"]
[SourceVersion "1"]
[SourceVersionDate "2009.11.03"]
[SourceQuality "1"]

1. d4 Nf6 2. c4 g6 3. f3 d5 4. cxd5 Nxd5 5. e4 Nb6 6. Nc3 Bg7 7. Be3 Nc6 8. Bb5 0-0 9. Nge2 Na5 10. Qc2 a6 11. Bd3 Nc6 12. d5 Nb4 13. Qd2 Nxd3+ 14. Qxd3 c6 15. Rd1 cxd5 16. exd5 Bf5 17. Ne4 Nd7 18. Qb3 b5 19. Nd4 Bxe4 20. fxe4 Ne5 21. 0-0 Ng4 22. h3 Nxe3 23. Qxe3 Qb6 24. b3 Rac8 25. Nf5 Qxe3+ 26. Nxe3 Rc3 27. Rfe1 Rfc8 28. Re2 Rc1 29. Rxc1 Rxc1+ 30. Kf2 Bd4 31. Rd2 Bc5 32. Ke2 f6 33. Nc2 Rg1 34. Kd3 Kf7 35. Nd4 Bxd4 36. Kxd4 Rc1 37. Kd3 Ke8 38. Kd4 Kd7 39. e5 fxe5+ 40. Kxe5 Re1+ 41. Kf4 Kd6 42. Kg5 Re5+ 43. Kf4 Rxd5 44. Rc2 Kd7 45. Ke4 Rd1 46. Re2 Rd6 47. Rf2 h6 48. Ke3 Ke6 49. Rf8 Kd5 50. Rh8 g5 51. Re8 Re6+ 52. Kd3 Ke5 53. Ke3 Kf6+ 54. Kf3 Rc6 55. Rf8+ Ke6 56. Rh8 Kd5 57. Ke3 Rc3+ 58. Kd2 Rg3 59. Rxh6 Rxg2+ 60. Kc3 Rxa2 61. Rh5 Rg2 62. h4 Rg3+ 63. Kb4 e5 64. hxg5 e4 65. Rh6 Rxg5 66. Rxa6 Kd4 67. Rd6+ Ke3 68. Rf6 Kd2 69. Rd6+ Ke2 70. Kc3 e3 71. Rf6 Ke1 72. Kc2 e2 73. b4 Rg4 74. Kc3 Rc4+ 75. Kb3 Kd2 76. Rd6+ Ke3 77. Re6+ Re4 0-1